| 000 | 00537cas a2200169 4500 | ||
|---|---|---|---|
| 008 | 151124n eng u | ||
| 020 | _a9781590184127 | ||
| 035 | _a(Sirsi) a194259 | ||
| 050 | _aRC 570 ABR 2007 | ||
| 100 | _aAbramovitz, Melissa. | ||
| 245 |
_aMental retardation / _c Melissa Abramovitz. |
||
| 260 |
_aDetroit : _b Lucent Books, _ c2007. |
||
| 300 |
_a104 p. : _b ill. |
||
| 440 | _aDiseases & disorders | ||
| 500 | _aIncludes bibliographical references and index. | ||
| 650 | _aMental retardation--Juvenile literature. | ||
| 999 |
_c36783 _d36783 |
||